Fundamentals of financial accounting/ (Record no. 333)

MARC details
000 -LEADER
fixed length control field 00444nac a22001451u 4500
008 - FIXED-LENGTH DATA ELEMENTS--GENERAL INFORMATION
fixed length control field 081202s2004 ii |||||r|||| 00| 0 eng d
020 ## - INTERNATIONAL STANDARD BOOK NUMBER
International Standard Book Number 8127217093
082 ## - DEWEY DECIMAL CLASSIFICATION NUMBER
Classification number 657
Item number A815
Edition number 22
100 ## - MAIN ENTRY--PERSONAL NAME
Personal name Asdhir, Vijay
9 (RLIN) 33337
245 ## - TITLE STATEMENT
Title Fundamentals of financial accounting/
Statement of responsibility, etc Vijay Asdhir, Pradeep Kumar, M.P. Sharma
260 ## - PUBLICATION, DISTRIBUTION, ETC. (IMPRINT)
Place of publication, distribution, etc New Delhi :
Name of publisher, distributor, etc Kalyani,
Date of publication, distribution, etc 2004
300 ## - PHYSICAL DESCRIPTION
Extent 300 p.
650 ## - SUBJECT ADDED ENTRY--TOPICAL TERM
Topical term or geographic name as entry element Accounting
9 (RLIN) 33338
942 ## - ADDED ENTRY ELEMENTS (KOHA)
Item type Book - Borrowing
Call number prefix 657A815
Source of classification or shelving scheme Dewey Decimal Classification
Holdings
Withdrawn status Item status Source of classification or shelving scheme Damaged status Not for loan Vendor Home library Current library Shelving location Date acquired Source of acquisition Cost, normal purchase price Total Checkouts Full call number Barcode Date last seen Cost, replacement price Koha item type
    Dewey Decimal Classification       Central Library Central Library First floor 06/03/2006   88.00 1 657 ASD 000004326 15/07/2025 110.00 Book - Borrowing